| 000 | 00320 a2200133 4500 | ||
|---|---|---|---|
| 001 | 88443 | ||
| 082 | _aPR 658 | ||
| 090 |
_c41868 _d41868 |
||
| 100 | _aMehdi, T | ||
| 245 | _aCompressor Characteristics | ||
| 260 |
_aKarachi _bUniversity of Karachi _c1971 |
||
| 300 | _a132p. | ||
| 500 | _aBE Project Reports | ||
| 942 |
_aUniversity of Karachi _kPR 658 |
||
| 999 |
_c323516 _d323516 |
||